| 000 | 00567nam a22002057a 4500 | ||
|---|---|---|---|
| 003 | Ost | ||
| 005 | 20151008081439.0 | ||
| 008 | 131114t xxu||||| |||| 00| 0 eng d | ||
| 020 | _a0439798345 | ||
| 050 |
_aPE 1597 _b.N532Ne 2004 |
||
| 100 |
_a _930465 |
||
| 245 |
_aThe new webster dictionary of the english language _c |
||
| 260 |
_aNew York : _bScholastic Inc., _c2004 |
||
| 300 |
_a3000 p. : _bcol. ill. ; _c27 cm. |
||
| 526 | _cBR | ||
| 650 |
_aEnglish language. _92534 |
||
| 650 |
_aDictionaries. _xJuvenile. _930466 |
||
| 942 |
_2lcc _cBK |
||
| 999 |
_c35179 _d35179 |
||